000 01030nam a2200313 a 4500
001 ASIN1588268098
005 20170105102928.0
008 131216s2012 xxu eng d
020 _a1588268098 (hardcover)
_c$55.00
020 _a9781588268099 (hardcover)
040 _a0
050 0 4 _aDS79.76
082 0 4 _a956.704431
_bUSP 2013
245 0 0 _aUs policy in afghanistan and iraq :
_blessons and legacies /
_cSeyom Brown, Robert H. Scales.
260 _a[S.l.] :
_bLynne Rienner Pub,
_c2013.
300 _a219 p. ;
_c23 cm.
490 1 _aTower center political studies.
650 0 _aAfghan War (2001-)
650 0 _aInfluence (Literary, artistic, etc.)
650 0 _aInternational relations
650 0 _aIraq War (2003-2011)
650 0 _aMilitary planning
650 0 _aUnited States
700 1 _aBrown, Seyom.
700 1 _aScales, Robert H.
830 0 _aTower center political studies.
856 4 0 _3Amazon.com
_uhttp://www.amazon.com/exec/obidos/ASIN/1588268098/chopaconline-20
942 _2ddc
_cBK
999 _c15935
_d15935